Loreto College Library, Kolkata
WEBOPAC (ONLINE PUBLIC ACCESS CATALOGUE)

The Ruth Rendell Mysteries (Record no. 15734)

MARC details
000 -LEADER
fixed length control field 00654nam a2200205Ia 4500
005 - DATE AND TIME OF LATEST TRANSACTION
control field 20231007111141.0
008 - FIXED-LENGTH DATA ELEMENTS--GENERAL INFORMATION
fixed length control field 131103s9999 xx 000 0 und d
020 ## - ISBN | অাই এস বি এন
ISBN | অাই এস বি এন 99824302
040 ## - CATALOGING SOURCE
Original cataloging agency Loreto College
041 ## - LANGUAGE CODE
Language code English
082 ## - DDC | ডিউই
Classification number | বর্গসংখ্যা F
Book Number | গ্রন্থাঙ্ক REN
100 ## - MAIN ENTRY--PERSONAL NAME | মুখ্য সংলেখ - ব্যাক্তিনাম
Personal name | ব্যাক্তিনাম Rendell,Ruth
245 #4 - TITLE STATEMENT | অাখ্যা বিবরণী
Title | অাখ্যা The Ruth Rendell Mysteries
Sub title | উপঅাখ্যা An Inspector Wexford Omnibus featuring The Best Man to die,An unkindness of Ravens,The veiled one
Statement of responsibility | লেখকের দায়িত্বের বিবরণ Ruth Rendell
260 ## - IMPRINT | প্রকাশনা ক্ষেত্র
Place of publication | প্রকাশ স্থান London
Name of publisher | প্রকাশকের নাম Arrow Books
Date of publication | প্রকাশ কাল 1994
300 ## - PHYSICAL DESCRIPTION |
Page / Vol. No | পৃষ্ঠা / খন্ড সংখ্যা 670 p.
504 ## - BIBLIOGRAPHY, ETC. NOTE
Bibliography, etc Contents: The Best Man to die,An unkindness of Ravens,The Veiled one
650 ## - SUBJECT ADDED ENTRY--TOPICAL TERM | বিষয় শিরোনাম - মূল বিষয়
Topical term | মূল বিষয় Fiction in English
850 ## - HOLDING INSTITUTION
Holding institution LCLIB
942 ## - ADDED ENTRY ELEMENTS (KOHA)
Koha item type Books
Holdings
Withdrawn status Lost status Source of classification Damaged status Not for loan Home library Current library Date acquired Total Checkouts Full call number Accession No. Date last seen Date checked out Price effective from Koha item type Coded location qualifier
    Dewey Decimal Classification     Loreto College Loreto College 04/11/2013 1 F REN 41425 B15793 16/05/2019 16/05/2019 04/11/2013 Books